000
00329nam a2200133Ia 4500
008
151001s9999||||xx |||||||||||||| ||und||
100
_a
मधुसूदन कालेलकर
245
_a
पेईग गेस्ट
250
_a
1
260
_b
संपन्न
260
_c
1981
300
_a
143
365
_b
18
999
_c
961774
_d
961771